000
00293nam a2200121Ia 4500
008
191201s2009 xx 000 0 und d
100
_a
SINGH,Yogendra
245
0
_a
International Business and Marketing Management
260
_b
AITBS
_c
2009
300
_a
332
650
_a
MBA
942
_2
ddc
_c
BK
999
_c
7010
_d
7010